000 003750000a22001570004500
020 _a84-217-2053-8
041 0 _aSPA
082 0 4 _aG 823 G7991i
100 1 _aGreene, Graham
245 1 0 _aInglaterra me ha hecho así / Graham Greene
250 _a3
260 _aBarcelona, España : Luis de Caralt (ver L. de Caralt)
300 _a235 Pag
001 10915
942 _cBK
999 _c40320
_d40320